[Event "A Dutch Treat"]
[Site "SchemingMind.com"]
[Date "2005.12.31"]
[Round "-"]
[White "eHowitzer"]
[Black "Zugzwang"]
[Result "1-0"]
[WhiteCountry "CAN"]
[BlackCountry "CAN"]
[WhiteElo "2125"]
[WhiteRD "72"]
[BlackElo "1565"]
[BlackRD "75"]
[GameID "34679"]

1. d4 f5 2. g3 Nf6 3. Bg2 e6 4. Nf3 c6 5. c4 d5 6. O-O Bd6 7. b3 Qe7 8. Bb2 b6 9. Ne5 Bb7 10. cxd5 cxd5
11. Nc3 O-O 12. Nb5 Nc6 13. Nxd6 Qxd6 14. Qc2 Rac8 15. Qd3 Nb4 16. Ba3 Nxd3 17. Bxd6 Rfd8 18. Be7 Nxe5 19. Bxd8 Rxd8 20. dxe5 Ng4
21. Rfc1 Ba6 22. Rc7 Bxe2 23. Re1 Bd3 24. Re7 Be4 25. f3 Nxe5 26. fxe4 dxe4 27. Rxe6 Nd3 28. Rf1 g6 29. g4 Kf7 30. gxf5 gxf5
31. Rxe4 Kf6 32. Rh4 Kg5 33. Rxh7 a5 34. h4+ Kf6 35. Rh6+
1-0

[Event "A Dutch Treat"]
[Site "SchemingMind.com"]
[Date "2005.12.31"]
[Round "-"]
[White "willygor"]
[Black "eHowitzer"]
[Result "0-1"]
[WhiteCountry "ARG"]
[BlackCountry "CAN"]
[WhiteElo "1646"]
[WhiteRD "63"]
[BlackElo "2125"]
[BlackRD "72"]
[GameID "34681"]

1. d4 f5 2. Nf3 g6 3. Nc3 Nf6 4. Bg5 c6 5. Bxf6 exf6 6. e4 fxe4 7. Nxe4 d5 8. Ned2 Bd6 9. Be2 O-O 10. O-O Re8
11. c4 dxc4 12. Bxc4+ Kg7 13. Qc2 Bf5 14. Bd3 Bxd3 15. Qxd3 Na6 16. a3 Nc5 17. Qc2 Ne6 18. Rfe1 Bc7 19. Nb3 Qd6 20. Re4 Ng5
21. Nxg5 Qxh2+ 22. Kf1 fxg5 23. Rae1 Qh1+ 24. Ke2 Qxg2 25. Kd1 Qf3+ 26. Kc1 Rxe4 27. Qxe4 Qxb3 28. Qe7+ Qf7 29. Qb4 Qxf2 30. Re7+ Kh6
31. Qxb7 Qg1+ 32. Kc2 Qh2+ 33. Kc3 Rb8 34. Qxc7 Qxb2+
0-1

[Event "A Dutch Treat"]
[Site "SchemingMind.com"]
[Date "2006.01.01"]
[Round "-"]
[White "JPT"]
[Black "eHowitzer"]
[Result "0-1"]
[WhiteCountry "INT"]
[BlackCountry "CAN"]
[WhiteElo "1765"]
[WhiteRD "71"]
[BlackElo "2125"]
[BlackRD "72"]
[GameID "34682"]

1. d4 f5 2. e4 fxe4 3. Nc3 Nf6 4. f3 d5 5. fxe4 dxe4 6. Bg5 Bf5 7. Bc4 e6 8. d5 h6 9. Bh4 g5 10. Bg3 Bb4
11. dxe6 Qxd1+ 12. Rxd1 Bxc3+ 13. bxc3 Nc6 14. Ne2 Ng4 15. Rd7 Ne3 16. Nd4 Nxd4 17. cxd4 Nxc4 18. d5 Rh7 19. Rxh7 Bxh7 20. Bxc7 Bf5
21. Rf1 Ne3 22. Rf2 Rc8 23. d6 Bxe6 24. Rf6 Kd7 25. Rxh6 Nxg2+ 26. Kf2 Nh4 27. Rh7+ Kc6 28. Re7 e3+ 29. Ke1 Ng2+ 30. Kf1 Nf4
31. h4 Rh8 32. hxg5 Rh1#
0-1

[Event "A Dutch Treat"]
[Site "SchemingMind.com"]
[Date "2006.01.01"]
[Round "-"]
[White "lumilinna"]
[Black "eHowitzer"]
[Result "0-1"]
[WhiteCountry "FIN"]
[BlackCountry "CAN"]
[WhiteElo "1819"]
[WhiteRD "71"]
[BlackElo "2164"]
[BlackRD "69"]
[GameID "34683"]

1. d4 f5 2. g3 d6 3. Bg2 g6 4. Nf3 Bg7 5. O-O Nf6 6. c4 O-O 7. Nc3 Nc6 8. d5 Ne5 9. Nxe5 dxe5 10. e4 f4
11. gxf4 exf4 12. e5 Ng4 13. e6 Ne5 14. Re1 Nxc4 15. Re4 Nd6 16. Rxf4 c6 17. Rxf8+ Qxf8 18. Qd3 b6 19. dxc6 Bxe6 20. Bg5 Bf5
21. Qe2 Bxc3 22. Bxe7 Re8 23. Bxf8 Rxe2 24. Bxd6 Bxb2 25. Rd1 Rc2 26. Re1 Bf6 27. Bd5+ Kg7 28. Re8 h6 29. c7 Bh3 30. Re1 Bh4
31. c8=Q Rxc8
0-1

[Event "A Dutch Treat"]
[Site "SchemingMind.com"]
[Date "2006.01.02"]
[Round "-"]
[White "langhab"]
[Black "eHowitzer"]
[Result "0-1"]
[WhiteCountry "PHI"]
[BlackCountry "CAN"]
[WhiteElo "1712"]
[WhiteRD "64"]
[BlackElo "2125"]
[BlackRD "72"]
[GameID "34684"]

1. d4 f5 2. c4 Nf6 3. g3 g6 4. Bg2 Bg7 5. Nc3 O-O 6. Nf3 d6 7. Bg5 Ne4 8. Rc1 Nxg5 9. Nxg5 c6 10. d5 h6
11. Nf3 cxd5 12. Nxd5 Bxb2 13. Rc2 Bg7 14. O-O Nc6 15. Nf4 g5 16. Nd5 Bd7 17. e3 Rc8 18. Nd4 Nxd4 19. exd4 e6 20. Ne3 f4
0-1

[Event "A Dutch Treat"]
[Site "SchemingMind.com"]
[Date "2005.12.31"]
[Round "-"]
[White "Zugzwang"]
[Black "eHowitzer"]
[Result "0-1"]
[WhiteCountry "CAN"]
[BlackCountry "CAN"]
[WhiteElo "1565"]
[WhiteRD "75"]
[BlackElo "2125"]
[BlackRD "72"]
[GameID "34685"]

1. d4 f5 2. g3 g6 3. Bg2 Bg7 4. Nf3 Nf6 5. O-O O-O 6. c4 d6 7. Nc3 c6 8. b3 Qa5 9. Bd2 Qc7 10. Rc1 e5
11. d5 Na6 12. Re1 e4 13. Nd4 cxd5 14. cxd5 Qf7 15. e3 Nc7 16. f4 Nfxd5 17. Nxd5 Nxd5 18. Bf1 Bxd4 19. exd4 Be6 20. Qe2 Rfc8
21. Rxc8+ Rxc8 22. Qb5 Rc2 23. Bb4 a6 24. Qa4 b5 25. Qxa6 Nxb4 26. Qxb5 Nxa2 27. Ra1 Bxb3 28. Qb8+ Kg7 29. Qxd6 Qc7 30. Qe5+ Kh6
31. h3 Qc3
0-1

[Event "A Dutch Treat"]
[Site "SchemingMind.com"]
[Date "2006.01.01"]
[Round "-"]
[White "Louis Lima"]
[Black "eHowitzer"]
[Result "0-1"]
[WhiteCountry "ESP"]
[BlackCountry "CAN"]
[WhiteElo "1717"]
[WhiteRD "56"]
[BlackElo "2125"]
[BlackRD "72"]
[GameID "34686"]

1. d4 f5 2. f4 e6 3. Nf3 Nf6 4. e3 b6 5. Bd3 Bb7 6. O-O c5 7. c4 cxd4 8. exd4 Bxf3 9. Qxf3 Nc6 10. d5 Bc5+
11. Kh1 Nb4 12. a3 Nxd3
0-1

[Event "A Dutch Treat"]
[Site "SchemingMind.com"]
[Date "2006.01.02"]
[Round "-"]
[White "e_castle3"]
[Black "willygor"]
[Result "1/2-1/2"]
[WhiteCountry "PHI"]
[BlackCountry "ARG"]
[WhiteElo "1674"]
[WhiteRD "71"]
[BlackElo "1672"]
[BlackRD "64"]
[GameID "34787"]

1. d4 f5 2. e4 d6 3. Nc3 Nf6 4. Bd3 fxe4 5. Nxe4 Nc6 6. c3 e5 7. d5 Nb8 8. Bg5 Nbd7 9. Nf3 Be7 10. O-O O-O
11. c4 Nxe4 12. Bxe7 Qxe7 13. Bxe4 Nf6 14. Nd2 Nxe4 15. Nxe4 Bf5 16. f3 Rf7= 17. Qb3 b6 18. Qe3 h6= 19. Rf2 Raf8 20. Raf1 Bxe4
21. fxe4 Rxf2 22. Rxf2 Rxf2 23. Kxf2 Qf6+ 24. Kg1 a5 25. g3 Kf7= 26. Qf2 Kg6 27. Qxf6+ Kxf6 28. Kf2 h5 29. h3 Kg5 30. Kf3 h4
31. b3 g6 32. a3 Kh5 33. g4+ Kg5 34. b4=
1/2-1/2

[Event "A Dutch Treat"]
[Site "SchemingMind.com"]
[Date "2006.01.02"]
[Round "-"]
[White "e_castle3"]
[Black "JPT"]
[Result "0-1"]
[WhiteCountry "PHI"]
[BlackCountry "INT"]
[WhiteElo "1690"]
[WhiteRD "73"]
[BlackElo "1765"]
[BlackRD "71"]
[GameID "34788"]

1. d4 f5 2. e4 fxe4 3. Nc3 Nf6 4. Bg5 g6 5. Bxf6 exf6 6. Nxe4 Bg7 7. Bc4 d5 8. Qe2 O-O 9. Bb3 Re8 10. O-O-O Rxe4
0-1

[Event "A Dutch Treat"]
[Site "SchemingMind.com"]
[Date "2006.01.02"]
[Round "-"]
[White "e_castle3"]
[Black "lumilinna"]
[Result "0-1"]
[WhiteCountry "PHI"]
[BlackCountry "FIN"]
[WhiteElo "1671"]
[WhiteRD "70"]
[BlackElo "1827"]
[BlackRD "75"]
[GameID "34789"]

1. d4 f5 2. e4 fxe4 3. Nc3 Nf6 4. Bg5 e6 5. Nxe4 Be7 6. Nxf6+ Bxf6 7. Bxf6 Qxf6 8. Qh5+ g6 9. Qd1 O-O 10. Nf3 Nc6
11. c3 e5 12. Bc4+ Kh8 13. O-O e4 14. Nd2 Ne7 15. Nxe4 Qb6 16. Bb3 d5 17. Nc5 Qd6 18. Nd3 Rf5 19. Qe2 Rh5 20. Ne5 Qf6
21. Bd1 Qh4 22. Nf3 Qf6 23. Qb5 c6 24. Qb4 Nf5 25. Re1 Nd6 26. Ne5 Rg5 27. h4 Rf5 28. g4 Rxf2 29. Nd3 Ne4 30. g5 Qf5
31. Qe7 Be6 32. h5 Rf8 33. h6 Rf1+
0-1

[Event "A Dutch Treat"]
[Site "SchemingMind.com"]
[Date "2006.01.02"]
[Round "-"]
[White "e_castle3"]
[Black "langhab"]
[Result "0-1"]
[WhiteCountry "PHI"]
[BlackCountry "PHI"]
[WhiteElo "1690"]
[WhiteRD "73"]
[BlackElo "1712"]
[BlackRD "64"]
[GameID "34790"]

1. d4 f5 2. e4 fxe4 3. Nc3 Nf6 4. Bg5 g6 5. Bxf6 exf6 6. Nxe4 Bg7 7. Nf3 O-O 8. Bd3 d5 9. Nc3 Re8+ 10. Be2 Bg4
11. O-O c6 12. h3 Bxf3 13. Bxf3 Nd7 14. Qd2 Re6 15. Rfe1 Nf8 16. Rad1 Qd6 17. Rxe6 Nxe6 18. b3 Re8 19. Ne2 Ng5 20. Qc3 f5
21. Ng3 Nxf3+ 22. Qxf3 Qb4 23. c3 Qa3 24. Rd2 Qc1+ 25. Rd1 Re1+ 26. Rxe1 Qxe1+ 27. Kh2 Qd2 28. Qe2 Qxe2 29. Nxe2 Kf7 30. h4 h6
31. Kg3 Bf6= 32. f3 Be7 33. Nc1 Bd6+ 34. f4 Kf6 35. Kf3 c5 36. dxc5 Bxc5 37. Nd3 Bd6 38. Ke3 b6 39. Kd4 Ke6 40. a4 Be7
41. g3 Bf6+ 42. Ne5 g5 43. h5 Kd6 44. c4 dxc4 45. Kxc4 Bxe5 46. fxe5+ Kxe5 47. Kb5 f4
0-1

[Event "A Dutch Treat"]
[Site "SchemingMind.com"]
[Date "2006.01.02"]
[Round "-"]
[White "e_castle3"]
[Black "eHowitzer"]
[Result "0-1"]
[WhiteCountry "PHI"]
[BlackCountry "CAN"]
[WhiteElo "1690"]
[WhiteRD "73"]
[BlackElo "2125"]
[BlackRD "72"]
[GameID "34791"]

1. d4 f5 2. c4 Nf6 3. Nc3 g6 4. g3 d6 5. Bg2 Bg7 6. Nf3 O-O 7. O-O Qe8 8. Nb5 Na6 9. a3 c6 10. Nc3 e5
11. e3 Nc7 12. Re1 e4 13. Nd2 c5 14. d5 b5 15. Rb1 bxc4 16. Nxc4 Ba6 17. b3 Rd8 18. Bb2 Bb7 19. Na5 Bxd5 20. Nxd5 Nfxd5
21. Bxg7 Kxg7 22. Qc2 Rb8 23. Nc4 Qe6 24. Red1 Rfd8 25. Rd2 Nf6 26. Rbd1 d5 27. a4 Re8 28. Na3 Qb6 29. Nb1 Ne6 30. Nc3 d4
31. exd4 cxd4 32. Nb5 d3 33. Qc4 a6
0-1

[Event "A Dutch Treat"]
[Site "SchemingMind.com"]
[Date "2006.01.02"]
[Round "-"]
[White "e_castle3"]
[Black "Zugzwang"]
[Result "1-0"]
[WhiteCountry "PHI"]
[BlackCountry "CAN"]
[WhiteElo "1674"]
[WhiteRD "71"]
[BlackElo "1538"]
[BlackRD "70"]
[GameID "34792"]

1. d4 f5 2. e4 fxe4 3. Nc3 Nf6 4. Bg5 b6 5. Bxf6 exf6 6. Qh5+ g6 7. Qd5 Nc6 8. Qxe4+ Qe7 9. Qxe7+ Bxe7 10. O-O-O O-O
11. Nf3 Bb7 12. Bc4+ Kg7 13. Rhe1 Bb4 14. a3 Bxc3 15. bxc3 Rad8 16. Re3 b5 17. Bxb5 Na5 18. Re7+ Rf7 19. Rde1 Rxe7 20. Rxe7+ Kh6
21. Rxd7 Rxd7 22. Bxd7 Bxf3 23. gxf3 Kg5 24. Bb5 Kf4 25. Be2 g5 26. Kd2 h5 27. c4 g4 28. fxg4 hxg4 29. Kc3 Nb7 30. c5 c6
31. Kb4 Ke4 32. c3 a5+ 33. Kc4 f5 34. Bd3+ Kf4 35. d5 Nd8 36. Kd4 Kf3 37. Bxf5 Kxf2 38. Bxg4 cxd5 39. Kxd5
1-0

[Event "A Dutch Treat"]
[Site "SchemingMind.com"]
[Date "2006.01.02"]
[Round "-"]
[White "e_castle3"]
[Black "Louis Lima"]
[Result "1-0"]
[WhiteCountry "PHI"]
[BlackCountry "ESP"]
[WhiteElo "1690"]
[WhiteRD "73"]
[BlackElo "1717"]
[BlackRD "56"]
[GameID "34793"]

1. d4 f5 2. c4 e6 3. g3 d5 4. b3 Nf6 5. Bg2 c6 6. e3 Bd6 7. Ne2 O-O 8. O-O Bd7 9. Nbc3 Be8 10. Re1 Bh5
11. Qc2 Bxe2 12. Qxe2 a6 13. Bb2 Nbd7 14. Kh1 Qe8 15. f3 Qh5 16. Qf2 Ng4 17. fxg4 fxg4 18. Qg1 Bxg3 19. Rf1 Nf6 20. Ne2 Bc7
21. Ba3 Rfe8 22. Nf4 Bxf4 23. Rxf4 g3 24. Bf3 gxh2 25. Qxh2
1-0

[Event "A Dutch Treat"]
[Site "SchemingMind.com"]
[Date "2006.01.01"]
[Round "-"]
[White "willygor"]
[Black "e_castle3"]
[Result "1-0"]
[WhiteCountry "ARG"]
[BlackCountry "PHI"]
[WhiteElo "1678"]
[WhiteRD "65"]
[BlackElo "1683"]
[BlackRD "68"]
[GameID "34794"]

1. d4 f5 2. Nf3 Nf6 3. Bg5 d6 4. Bxf6 exf6 5. e3 Be7 6. Bc4 d5 7. Bb3 Nc6 8. Nc3 Be6 9. a3 O-O 10. O-O a6
11. Ne2 Bd6 12. c3 Qd7 13. Bc2 Ne7 14. Nd2 c6 15. Nb3 Qc7 16. f4 Nc8 17. Ng3 g6 18. Nc5 Bf7 19. b4 Re8 20. Qd2 Bf8
21. Rae1= b6 22. Nb3 Nd6 23. Rf2 Nc4 24. Qc1 Re7 25. Bd3 Nd6 26. Bb1 Rae8 27. Rfe2 Bh6 28. Bd3 Qc8 29. Nd2 g5 30. fxg5 fxg5
31. Nf3 Be6 32. Ne5 c5 33. Qb1 c4 34. Bc2 Rf8 35. Rf2 Ne4 36. Bxe4 fxe4 37. Ref1 Rxf2 38. Rxf2 Bg7 39. Nxe4 dxe4 40. Qxe4 Qc7
41. Qa8+ Qc8 42. Qxc8+ Bxc8 43. Nxc4 b5 44. Nd6 Bg4 45. e4 Rc7 46. h3 Bh5 47. g4 Bg6 48. Rf3 Rd7 49. Nf5 Bh8 50. Kf2 h5
51. Ke3 Rc7 52. Kd3 Bf7 53. Nh6+ Kg7 54. Rxf7+ Rxf7 55. Nxf7 Kxf7= 56. c4 bxc4+ 57. Kxc4 hxg4 58. hxg4 Ke6 59. a4 Bf6 60. b5 axb5+
61. axb5 Be7 62. b6 Kd6 63. Kb5 Bd8 64. Ka6
1-0

[Event "A Dutch Treat"]
[Site "SchemingMind.com"]
[Date "2006.01.01"]
[Round "-"]
[White "JPT"]
[Black "e_castle3"]
[Result "1-0"]
[WhiteCountry "INT"]
[BlackCountry "PHI"]
[WhiteElo "1765"]
[WhiteRD "71"]
[BlackElo "1690"]
[BlackRD "73"]
[GameID "34795"]

1. d4 f5 2. e4 d6 3. Bc4 Nf6 4. Nc3 fxe4 5. f3 exf3 6. Nxf3 Nc6 7. Bg5 Bf5 8. a3 h6 9. Bxf6 exf6 10. O-O Be7
11. Nh4 g6 12. Rxf5 gxf5 13. Qh5+ Kd7 14. Qxf5+ Ke8 15. Be6 Qb8 16. Qg6+ Kd8 17. Nf5 a6 18. Nd5
1-0

[Event "A Dutch Treat"]
[Site "SchemingMind.com"]
[Date "2006.01.01"]
[Round "-"]
[White "lumilinna"]
[Black "e_castle3"]
[Result "1-0"]
[WhiteCountry "FIN"]
[BlackCountry "PHI"]
[WhiteElo "1828"]
[WhiteRD "71"]
[BlackElo "1674"]
[BlackRD "71"]
[GameID "34796"]

1. d4 f5 2. g3 Nf6 3. Bg2 c6 4. Nf3 Qc7 5. c4 d6 6. O-O e5 7. b4 Be7 8. Bb2 e4 9. Nfd2 d5 10. c5 O-O
11. e3 Be6 12. f3 Nbd7 13. Nc3 b6 14. Bh3 h5 15. fxe4 Ng4 16. Bxg4 fxg4 17. exd5 cxd5 18. e4 dxe4 19. d5 Bxc5+ 20. bxc5
1-0

[Event "A Dutch Treat"]
[Site "SchemingMind.com"]
[Date "2006.01.02"]
[Round "-"]
[White "langhab"]
[Black "e_castle3"]
[Result "1-0"]
[WhiteCountry "PHI"]
[BlackCountry "PHI"]
[WhiteElo "1704"]
[WhiteRD "64"]
[BlackElo "1674"]
[BlackRD "71"]
[GameID "34797"]

1. d4 f5 2. g3 Nf6 3. Bg2 c6 4. c4 Qc7 5. Bf4 d6 6. Nc3 e5 7. Bg5 Be7 8. e3 O-O 9. Qb3 Kh8 10. O-O-O Nbd7
11. Kb1 h6 12. h4 Nb6 13. Nge2 Ng4 14. Rdf1 Be6 15. d5 Bg8 16. Na4 Nxa4 17. Qxa4 Bd8 18. Qb3 Bh7 19. Bxd8 Raxd8 20. Ka1 Ra8
21. f3 Nf6 22. e4 fxe4 23. g4 exf3 24. Qxf3 Qe7 25. Qg3 Nd7 26. dxc6 bxc6 27. Bxc6 Rac8 28. Bd5 Rxf1+ 29. Rxf1 Nb6 30. Nc3 Nxc4
31. g5 Nb6 32. gxh6 Rxc3 33. hxg7+ Qxg7 34. Qxg7+ Kxg7 35. Rf7+ Kg8 36. Rf3+ Nxd5 37. bxc3 e4 38. Rg3+ Kf7 39. c4 Nb4 40. Kb2 Nd3+
41. Kc2 a6 42. a3 Ke6 43. h5 Kf6 44. Kd2 Nc5 45. Ke3 Ne6 46. Rg1 Ng5 47. Rb1 Ne6 48. Rb6 Ke5 49. Rxa6 Nf4 50. Ra5+ d5
51. Rb5 Bg8 52. h6
1-0

[Event "A Dutch Treat"]
[Site "SchemingMind.com"]
[Date "2006.01.01"]
[Round "-"]
[White "eHowitzer"]
[Black "e_castle3"]
[Result "1-0"]
[WhiteCountry "CAN"]
[BlackCountry "PHI"]
[WhiteElo "2125"]
[WhiteRD "72"]
[BlackElo "1690"]
[BlackRD "73"]
[GameID "34798"]

1. d4 f5 2. g3 Nf6 3. Bg2 c6 4. Nf3 d6 5. O-O e6 6. c4 Qc7 7. Nc3 Be7 8. d5 cxd5 9. cxd5 e5 10. Ng5 h6
11. Ne6 Bxe6 12. dxe6 Nc6 13. e4 fxe4 14. Nxe4 Nd4 15. Be3 Nxe6 16. Qb3 Nd8 17. Rac1 Qd7 18. f4 Nc6 19. fxe5 dxe5 20. Nxf6+ gxf6
21. Rcd1 Qc7 22. Be4 Bd8 23. Qe6+ Be7 24. Bg6+
1-0

[Event "A Dutch Treat"]
[Site "SchemingMind.com"]
[Date "2006.01.01"]
[Round "-"]
[White "Zugzwang"]
[Black "e_castle3"]
[Result "1/2-1/2"]
[WhiteCountry "CAN"]
[BlackCountry "PHI"]
[WhiteElo "1538"]
[WhiteRD "70"]
[BlackElo "1674"]
[BlackRD "71"]
[GameID "34799"]

1. d4 f5 2. g3 Nf6 3. Bg2 c6 4. c4 d6 5. Nc3 Qc7 6. Nf3 e5 7. O-O e4 8. Ne1 d5 9. c5 b6 10. b4 Be7
11. Nc2 O-O 12. a4 Be6 13. Bf4 Qc8 14. e3 Nbd7 15. a5 h6 16. b5 g5 17. Be5 Nxe5 18. dxe5 Nd7 19. cxb6 Nxe5 20. bxa7 cxb5
21. Nxb5 Qc5 22. Ncd4 Bd7 23. Rc1 Nc4 24. Rb1 Bf6 25. Bh3 g4 26. Bg2 Rf7 27. Qe2 h5 28. h4 Bxd4 29. exd4 Qc8 30. Rfc1 Bxb5
31. Rxb5 Qc6 32. Rb8+ Kg7 33. Qa2 Rfxa7 34. Rxa8 Qxa8 35. Qa4 Kf6 36. Bf1 Rxa5 37. Qb4 Ra4 38. Qc5 Ra5 39. Qb4 Ra4=
1/2-1/2

[Event "A Dutch Treat"]
[Site "SchemingMind.com"]
[Date "2006.01.02"]
[Round "-"]
[White "Louis Lima"]
[Black "e_castle3"]
[Result "0-1"]
[WhiteCountry "ESP"]
[BlackCountry "PHI"]
[WhiteElo "1717"]
[WhiteRD "56"]
[BlackElo "1690"]
[BlackRD "73"]
[GameID "34800"]

1. d4 f5 2. e4 d6 3. Nc3 Nf6 4. Bd3 fxe4 5. Nxe4 Be6 6. Bg5 Nbd7 7. Qe2 Bf7 8. Nf3 h6 9. Bf4 e6 10. O-O Be7
11. c3 O-O 12. Qe3 d5 13. Nxf6+ Nxf6 14. Bxh6 Ng4
0-1

[Event "A Dutch Treat"]
[Site "SchemingMind.com"]
[Date "2006.01.05"]
[Round "-"]
[White "mikhailtal"]
[Black "willygor"]
[Result "1-0"]
[WhiteCountry "ENG"]
[BlackCountry "ARG"]
[WhiteElo "1825"]
[WhiteRD "66"]
[BlackElo "1646"]
[BlackRD "63"]
[GameID "35168"]

1. d4 f5 2. e4 fxe4 3. Nc3 Nf6 4. f3 exf3 5. Nxf3 e6 6. Bg5 Be7 7. Bd3 d6 8. O-O O-O 9. Qe2 Nc6 10. Nd1 h6
11. Bxf6 Bxf6 12. Qe4 Ne7 13. Qh7+ Kf7 14. Ne5+ dxe5 15. dxe5 Rh8 16. Rxf6+
1-0

[Event "A Dutch Treat"]
[Site "SchemingMind.com"]
[Date "2006.01.05"]
[Round "-"]
[White "mikhailtal"]
[Black "JPT"]
[Result "1-0"]
[WhiteCountry "ENG"]
[BlackCountry "INT"]
[WhiteElo "1751"]
[WhiteRD "63"]
[BlackElo "1813"]
[BlackRD "72"]
[GameID "35169"]

1. d4 f5 2. g3 Nf6 3. Bg2 g6 4. Nf3 Bg7 5. O-O d6 6. c4 O-O 7. Nc3 c6 8. d5 h6 9. Nd4 e5 10. dxe6 c5
11. Ndb5 Qe7 12. Qxd6 Nc6 13. Qxe7 Nxe7 14. Nc7 Rb8 15. N3b5 Ne8 16. Nd5 Nc6 17. Bf4 Be5 18. Bxe5 Nxe5 19. Ne7+ Kg7 20. Nxc8 Rxc8
21. Bd5 b6 22. Nxa7 Rb8 23. Nb5 Ng4 24. Nc3 Ngf6 25. Rad1 Nc7 26. Rfe1 Rfe8 27. e4 fxe4 28. Nxe4 Rbd8 29. Nxf6 Kxf6 30. Rd3 Ke7
31. Rb3 Rd6 32. Kg2 Rb8 33. Rd3 b5 34. b3 Rf8 35. f4 b4 36. Kf3 Kf6 37. g4 Re8 38. Red1 Nxe6 39. Bxe6 Rxd3+ 40. Rxd3 Rxe6
41. Re3 Rd6 42. Re5 Rd2 43. Rxc5 Rxa2 44. Rc6+ Kg7 45. Rb6 Rxh2 46. Rxb4 Rh3+ 47. Ke4
1-0

[Event "A Dutch Treat"]
[Site "SchemingMind.com"]
[Date "2006.01.05"]
[Round "-"]
[White "mikhailtal"]
[Black "lumilinna"]
[Result "1-0"]
[WhiteCountry "ENG"]
[BlackCountry "FIN"]
[WhiteElo "1751"]
[WhiteRD "63"]
[BlackElo "1819"]
[BlackRD "71"]
[GameID "35170"]

1. d4 f5 2. g3 Nf6 3. Bg2 e6 4. c4 Be7 5. Nh3 O-O 6. O-O d6 7. Nd2 Nc6 8. Nf3 Nd7 9. d5 exd5 10. cxd5 Nce5
11. Nf4 Nxf3+ 12. Bxf3 Ne5 13. Bg2 Bd7 14. b3 Bf6 15. Bb2 Nf3+ 16. Bxf3 Bxb2 17. Rb1 Be5 18. Nd3 f4 19. Nxe5 dxe5 20. Rc1 Bb5
21. a4 Ba6 22. b4 b6 23. d6 Rc8 24. b5 Bxb5 25. axb5 Qxd6 26. Qxd6 cxd6 27. Rfd1 Rc5 28. Rxc5 dxc5 29. Rd7 Rf7 30. Rd8+ Rf8
31. Bd5+
1-0

[Event "A Dutch Treat"]
[Site "SchemingMind.com"]
[Date "2006.01.05"]
[Round "-"]
[White "mikhailtal"]
[Black "langhab"]
[Result "1-0"]
[WhiteCountry "ENG"]
[BlackCountry "PHI"]
[WhiteElo "1791"]
[WhiteRD "61"]
[BlackElo "1704"]
[BlackRD "64"]
[GameID "35171"]

1. d4 f5 2. g3 Nf6 3. Bg2 c6 4. c4 g6 5. Nf3 Bg7 6. O-O d6 7. Nc3 O-O 8. d5 c5 9. Qc2 a6 10. Nh4 Bd7
11. e4 b5 12. exf5 gxf5 13. Nxf5 Ra7 14. Nxg7 Kxg7 15. b3 Bg4 16. Bb2 Nbd7 17. cxb5 axb5 18. Nxb5
1-0

[Event "A Dutch Treat"]
[Site "SchemingMind.com"]
[Date "2006.01.05"]
[Round "-"]
[White "mikhailtal"]
[Black "eHowitzer"]
[Result "0-1"]
[WhiteCountry "ENG"]
[BlackCountry "CAN"]
[WhiteElo "1825"]
[WhiteRD "66"]
[BlackElo "2125"]
[BlackRD "72"]
[GameID "35172"]

1. d4 f5 2. g3 d6 3. Bg2 Nf6 4. Nf3 g6 5. O-O Bg7 6. c3 c6 7. Qb3 e6 8. Nbd2 O-O 9. Ng5 Nd5 10. Ndf3 h6
11. Nh3 e5 12. dxe5 dxe5 13. e4 fxe4 14. Nd2 Be6 15. Qc2 Qc8 16. Qb3 Nf4
0-1

[Event "A Dutch Treat"]
[Site "SchemingMind.com"]
[Date "2006.01.05"]
[Round "-"]
[White "mikhailtal"]
[Black "Zugzwang"]
[Result "1-0"]
[WhiteCountry "ENG"]
[BlackCountry "CAN"]
[WhiteElo "1791"]
[WhiteRD "61"]
[BlackElo "1538"]
[BlackRD "70"]
[GameID "35173"]

1. d4 f5 2. g3 Nf6 3. Bg2 e6 4. c4 c6 5. Nf3 d5 6. c5 Be7 7. O-O O-O 8. Bf4 Bd7 9. Nbd2 Be8 10. Ne5 Nbd7
11. Ndf3 Bh5 12. Re1 b5 13. Nxc6 a5 14. Ng5 Qe8 15. Nxe6 Rc8 16. Nxf8 Bxf8 17. Ne5 Kh8 18. Bf3 Bxf3 19. exf3 Qh5 20. Kg2 b4
21. Nxd7 Nxd7 22. Qa4 Nf6 23. Qxa5
1-0

[Event "A Dutch Treat"]
[Site "SchemingMind.com"]
[Date "2006.01.05"]
[Round "-"]
[White "mikhailtal"]
[Black "Louis Lima"]
[Result "1-0"]
[WhiteCountry "ENG"]
[BlackCountry "ESP"]
[WhiteElo "1825"]
[WhiteRD "66"]
[BlackElo "1717"]
[BlackRD "56"]
[GameID "35174"]

1. d4 f5 2. g3 d5 3. Bg2 Nf6 4. Nf3 e6 5. Bg5 Be7 6. O-O O-O 7. Nbd2 Bd7 8. Ne5 Nc6 9. Ndf3 Be8 10. a3 Bh5
11. Nxc6
1-0

[Event "A Dutch Treat"]
[Site "SchemingMind.com"]
[Date "2006.01.05"]
[Round "-"]
[White "mikhailtal"]
[Black "e_castle3"]
[Result "1-0"]
[WhiteCountry "ENG"]
[BlackCountry "PHI"]
[WhiteElo "1791"]
[WhiteRD "61"]
[BlackElo "1674"]
[BlackRD "71"]
[GameID "35175"]

1. d4 f5 2. g3 Nf6 3. Bg2 d5 4. b3 e6 5. c4 c6 6. Nh3 Be7 7. O-O O-O 8. Nd2 Nbd7 9. Nf3 Ne4 10. Nf4 Ndf6
11. Nd3 Qc7 12. Bf4 Bd6 13. Bxd6 Qxd6 14. e3 a6 15. Nfe5 b5 16. cxb5 axb5 17. b4 Bb7 18. f3 Nc3 19. Qc2 Na4 20. Rfc1 Ra6
21. Nf4 Re8 22. a3 Nd7 23. Nfd3 Rc8 24. Qf2 Nab6 25. Nc5 Ba8 26. Nxa6
1-0

[Event "A Dutch Treat"]
[Site "SchemingMind.com"]
[Date "2006.01.05"]
[Round "-"]
[White "willygor"]
[Black "mikhailtal"]
[Result "1-0"]
[WhiteCountry "ARG"]
[BlackCountry "ENG"]
[WhiteElo "1672"]
[WhiteRD "64"]
[BlackElo "1791"]
[BlackRD "61"]
[GameID "35176"]

1. d4 f5 2. Nc3 Nf6 3. Bg5 Ne4 4. Nxe4 fxe4 5. e3 g6 6. Bc4 d5 7. Bb3 Be6 8. Ne2 Bg7 9. Ng3 Nd7 10. Qe2 Nf6
11. Bxf6 exf6 12. Nxe4 b6 13. Nd2 O-O 14. O-O c5 15. c4 cxd4 16. exd4 Re8 17. Qf3 dxc4 18. Nxc4= Qxd4 19. Rfd1 Qc5 20. Rac1 Qe7
21. Nd6 Red8 22. Re1 Rxd6 23. Qxa8+ Kf7 24. Bxe6+ Rxe6 25. Qd5 f5 26. Rc6
1-0

[Event "A Dutch Treat"]
[Site "SchemingMind.com"]
[Date "2006.01.05"]
[Round "-"]
[White "JPT"]
[Black "mikhailtal"]
[Result "1-0"]
[WhiteCountry "INT"]
[BlackCountry "ENG"]
[WhiteElo "1782"]
[WhiteRD "72"]
[BlackElo "1791"]
[BlackRD "61"]
[GameID "35177"]

1. d4 f5 2. e4 fxe4 3. Nc3 Nf6 4. f3 d5 5. Bg5 Bf5 6. Qd2 Nbd7 7. O-O-O h6 8. Bh4 g5 9. Bg3 a6 10. Be2 e6
11. h4 g4 12. Bf4 gxf3 13. gxf3 Nb6 14. Be5 exf3 15. Bxf3 Qe7 16. Bh5+ Kd7 17. Bf3 Rd8 18. Nge2 Kc8 19. h5 Nc4 20. Qf4 Bg7
21. Ng3 Bh7 22. Kb1 Rhf8 23. Be2 Ne4 24. Qc1 Nf2 25. Bxc4 Bxe5 26. dxe5 Nxh1 27. Rxh1 dxc4 28. Qxh6 Rf2 29. Nge4 Rh8 30. Qe3 Rg2
31. Qa7 Rhg8 32. Rd1 Rd2 33. Rxd2
1-0

[Event "A Dutch Treat"]
[Site "SchemingMind.com"]
[Date "2006.01.05"]
[Round "-"]
[White "lumilinna"]
[Black "mikhailtal"]
[Result "1-0"]
[WhiteCountry "FIN"]
[BlackCountry "ENG"]
[WhiteElo "1828"]
[WhiteRD "71"]
[BlackElo "1791"]
[BlackRD "61"]
[GameID "35178"]

1. d4 f5 2. g3 Nf6 3. Bg2 g6 4. c4 Bg7 5. Nf3 d6 6. O-O O-O 7. Nc3 Qe8 8. b3 Na6 9. Ba3 c6 10. Qd3 Bd7
11. e4 fxe4 12. Nxe4 Nxe4 13. Qxe4 Qf7 14. Rae1 Rfe8 15. Re2 b5 16. cxb5 cxb5 17. Qb7 Nb8 18. Qxa8
1-0